| 000 | 00481nam a2200169 i 4500 | ||
|---|---|---|---|
| 001 | 36587 | ||
| 003 | ES-MaACL | ||
| 005 | 20230906155411.0 | ||
| 007 | t| | ||
| 008 | 030218s1915 xxu ||||1| eng d | ||
| 100 | 1 |
_aBrown, John Franklin. _932004 |
|
| 245 | 1 | 4 |
_aThe American high school / _cJohn Franklin Brown. |
| 260 |
_aNew york : _bMacMillan and C., _c1915. |
||
| 300 |
_aXII, 462 p. ; _c20 cm. |
||
| 650 | 4 |
_aEnseƱanza- _zEstados Unidos. _912289 |
|
| 852 |
_aES-MaACL _jF-8256 |
||
| 999 |
_c36587 _d36587 |
||